01000nam a2200241 a 450000100100000000500170001000800410002704000250006804100130009308200200010610000380012624501070016426000380027130000210030959000260033065000280035665000310038470000510041591000370046695201170050395201230062099900150074300000998920240412074214.0091002s1997 xxu 000 p spa d aDO-SdBNPbspacBNPHU17aspa2eng aRD861.44bV715b1 aVillamán Matos, Maitreyi92493410aB X 15 :ba poetic journey /cMaitreyi Villamán Matos ; introducción Mercedes Amarilis Villamán. aNew York :bLa Maga Press,c1997. a70 cm. ;c22 cm. aInventariado, 2019/LP 0aPoesía dominicana966 0aLiteratura dominicana.96712aVillamán, Mercedes Amarilis,eintrod.924935 aValidado. Control de calidad MFF 001050718MOaPDbPDcHDd2009-10-02iLF1l0oRD861.44 V715bp9989-10r2020-06-25w2020-06-25y1ZNo se presta 001050718MOaPDbPDcHDd2009-10-02iLF1l0oRD861.44 V715bp9989-20r2020-06-25te .2w2020-06-25y1ZNo se presta c9748d9748